|
|
|
|
| LEADER |
00000nab a2200000 ar4500 |
| 001 |
vtls010089612 |
| 003 |
SK-MaSNL |
| 005 |
20260303190445.0 |
| 008 |
100428c20100420xo dr|n|||||||000 b|slo |
| 015 |
|
|
|a SNBRBL2010/04
|2 snkbucl
|
| 038 |
|
|
|a SNKBUCL
|
| 040 |
|
|
|a SNKBUCL
|b slo
|c SNKBUCL
|e AACR2
|
| 041 |
0 |
|
|a slo
|
| 044 |
|
|
|a xo
|c SK
|
| 080 |
|
|
|a 796.433.4.071
|2 1997
|
| 080 |
|
|
|a 929 Charfreitag, Libor
|2 1997
|
| 100 |
1 |
|
|a Riša, Roman
|4 aut
|9 329106
|
| 245 |
1 |
0 |
|a "Cítim sa plný energie a sily"
|b kladivár Libor Charfreitag po bezmála dvoch rokoch prehodil 80 m
|c Roman Riša
|
| 300 |
|
|
|b Fotogr.
|
| 600 |
1 |
7 |
|a Charfreitag, Libor,
|d 1977-
|2 snkbucl
|9 107179
|
| 650 |
0 |
7 |
|a atletika
|2 snkbucl
|9 3279
|
| 650 |
0 |
7 |
|a hod kladivom
|2 snkbucl
|9 22918
|
| 773 |
0 |
|
|t Šport
|g Roč. 64, č. 90 (20.4.2010), s. 30
|x 0139-7001
|
| 852 |
|
|
|a SNK
|b KIS3GCP
|
| 999 |
|
|
|c 2136359
|d 2138289
|